00830nam a2200229 a 450000100060000000300080000600500170001400800410003103500190007204000270009104100080011808200220012624500690014825000120021726000600022930000250028950001660031450400300048065000240051070000220053471000440055670119BD-RjUL20211209081951.0170416r19681966enk b 001 0 eng  a(BD-RjUL)70331 aDLCcDLCdBD-RjULbeng aeng00a518223bMET 196810aMethods of numerical approximation /cedited by D. C. Handscomb. a1st ed. aOxford,aNew York :bPergamon Press,cc1966 [reprinted] aix, 218 p. ;c24 cm. aLectures given in Sept. 1965 at a summer school held by the Oxford University Computing Laboratory, with the cooperation of the Delegacy for Extra-Mural Studies. aBibliography: p. 199-214. 0aNumerical analysis. aHandscomb, D. C. 2 aOxford University Computing Laboratory.